| 000 | 00809nam a2200217 a 4500 | ||
|---|---|---|---|
| 001 | 000040623 | ||
| 003 | DO-SdBNP | ||
| 005 | 20240305123709.0 | ||
| 008 | 130904s1983 dr a r 000 0 spa d | ||
| 040 |
_aDO-SdBNP _bspa _cBNPHU |
||
| 082 | 4 |
_a972.9301 _bB737a _222 |
|
| 100 | 1 |
_aBorrell B., Pedro J., _d1944- _966970 |
|
| 245 | 1 | 0 |
_aArqueología submarina en la República Dominicana / _cPedro J. Borrell B. |
| 260 |
_aSanto Domingo : _bMuseo de las casas reales; _bComisión de Rescate Arqueologíco Submarino ; _bGrupo de investigaciones submarinas, _c1983. |
||
| 300 |
_a140 p. : _bil. ; _c19 cm. |
||
| 650 | 4 |
_aArqueología subacuática _966971 |
|
| 650 | 4 |
_aNaufragios _966972 |
|
| 651 | 4 |
_aRepúbllica Dominicana _x Antigüedades _966973 |
|
| 910 | _aValidado. Control de calidad. MFF | ||
| 942 |
_2ddc _cLBS1 |
||
| 999 |
_c40113 _d40113 |
||